| 000 | 00947nam a22002417a 4500 | ||
|---|---|---|---|
| 999 |
_c65743 _d65743 |
||
| 005 | 20240530110841.0 | ||
| 008 | 200912s2019 ua a g b 000 0dara d | ||
| 017 |
_a2019/4267 _bمصر. دار الكتب |
||
| 020 | _a9789779122403 | ||
| 040 |
_aEG-CaGPL _cEG-CaGPL |
||
| 082 | 0 | 4 |
_221 _a913.2 _bق/ر أ |
| 100 | 0 | _aرضا عبدالحليم | |
| 245 | 0 | 0 |
_aاهرامات الدولة الوسطى : _bدراسة لاهرامات الاسرة الثانية عشر / _cرضا عبدالحليم |
| 250 | _aط.1 | ||
| 260 |
_aالقاهرة : _bالهيئة المصرية العامة للكتاب، _c2019 |
||
| 300 |
_a323 ص. ؛ _c24 سم. |
||
| 650 | 0 | 7 |
_2qrmak _aالاهرام |
| 650 | 0 | 7 | _aالاثار الفرعونية |
| 650 | 0 | 7 | _aالحضارة الفرعونية |
| 651 | 0 | 7 |
_aمصر القديمة _xتاريخ _yالعصور الوسطى _2qrmak |
| 942 |
_2ddc _cBK |
||